| 000 | 01019cam a2200337 a 4500 | ||
|---|---|---|---|
| 001 | 13394062 | ||
| 005 | 20251009164848.0 | ||
| 008 | 031017s2003 pk a 000 0 eng | ||
| 010 | _a 2003343278 | ||
| 020 | _a9693515250 | ||
| 020 | _a9789693515251 | ||
| 025 | _aP-E-2003343278; 14 | ||
| 035 | _a13394062 | ||
| 035 | _a(DLC) 2003343278 | ||
| 040 |
_aDLC _cDLC |
||
| 042 |
_alcode _apcc |
||
| 043 | _aa-pk--- | ||
| 050 | 0 | 0 |
_aDS377 _b.R347 2003 |
| 082 | _a954.9142,RAS | ||
| 100 | 1 |
_aRashid, Salman, _d1952- _93759 |
|
| 245 | 1 | 0 |
_aPrisoner on a bus : _btravels through Pakistan / _cSalman Rashid. |
| 260 |
_aLahore : _bSang-e-Meel Publications, _c2003. |
||
| 300 |
_a200 p. : _bcol. ill. ; _c29 cm. |
||
| 336 |
_atext _btxt _2rdacontent |
||
| 337 |
_aunmediated _bn _2rdamedia |
||
| 338 |
_avolume _bnc _2rdacarrier |
||
| 600 | 1 | 0 |
_aRashid, Salman, _d1952- _xTravels _zPakistan. _9131084 |
| 651 | 0 |
_aPakistan _xDescription and travel. |
|
| 942 |
_2ddc _cBK |
||
| 999 |
_c615142 _d615142 |
||